Современная геодинамика и гелиогеодинамика (Запись № 1557656)

Подробности
000 -МАРКЕР
контрольное поле 02055nam1a2200337 i 4500
001 - ИДЕНТИФИКАТОР ЗАПИСИ
контрольное поле RU\NLR\bibl\875398
005 - ИДЕНТИФИКАТОР ВЕРСИИ
контрольное поле 20260407051344.0
035 ## - ДРУГИЕ СИСТЕМНЫЕ НОМЕРА
Идентификатор записи (NLR Aleph) 000864001
100 ## - ДАННЫЕ ОБЩЕЙ ОБРАБОТКИ
Данные общей обработки 20051121g20059999u y0rusy50 ca
101 0# - ЯЗЫК РЕСУРСА
Язык текста, звукозаписи и т.д. русский
102 ## - СТРАНА ПУБЛИКАЦИИ ИЛИ ПРОИЗВОДСТВА
Страна публикации Российская Федерация
105 ## - ПОЛЕ КОДИРОВАННЫХ ДАННЫХ: ТЕКСТОВЫЕ МАТЕРИАЛЫ, МОНОГРАФИЧЕСКИЕ
Кодированные данные о монографическом текстовом документе ||||z |||||
200 1# - ЗАГЛАВИЕ И СВЕДЕНИЯ ОБ ОТВЕТСТВЕННОСТИ
Основное заглавие Современная геодинамика и гелиогеодинамика
Сведения, относящиеся к заглавию пособие по обеспечению личной безопасности при чрезвычайных ситуациях природного происхождения
Первые сведения об ответственности Иркут. гос. техн. ун-т [и др.
Последующие сведения об ответственности Задонина Н. В. и др.]
210 ## - ПУБЛИКАЦИЯ, РАСПРОСТРАНЕНИЕ И ДР.
Место издания, распространения и т.д. Иркутск
Имя издателя, распространителя и т. д. Изд-во Иркутского государственного технического университета
Дата издания, распространения и т.д. 2005
215 ## - ФИЗИЧЕСКАЯ ХАРАКТЕРИСТИКА
Размеры 21
300 ## - ОБЩИЕ ПРИМЕЧАНИЯ
Текст примечания В надзаг. также: Байкал. фил. ГС СО РАН, Гл. упр. МЧС России по Иркут. обл., Ин-т земной коры СО РАН, Иркут. гос. ин-т усоверш. врачей
463 #0 - УРОВЕНЬ ФИЗИЧЕСКОЙ ЕДИНИЦЫ
Встроенное поле 001868678
606 ## - НАИМЕНОВАНИЕ ТЕМЫ КАК ПРЕДМЕТ
Наименование темы Стихийные бедствия
Формальный подзаголовок Руководства, пособия и т.п.
Системный номер авторитетной/нормативной записи 1113549
Идентификатор авторитетной/нормативной записи RU\NLR\auth\66120484
606 1# - НАИМЕНОВАНИЕ ТЕМЫ КАК ПРЕДМЕТ
Наименование темы Стихийные бедствия
Формальный подзаголовок Руководства, пособия и т.п.
Тематический подзаголовок Безопасность жизнедеятельности
Системный номер авторитетной/нормативной записи 2400704
Идентификатор авторитетной/нормативной записи RU\NLR\auth\661431042
686 ## - ИНДЕКСЫ ДРУГИХ КЛАССИФИКАЦИЙ
Индекс Д205
686 ## - ИНДЕКСЫ ДРУГИХ КЛАССИФИКАЦИЙ
Индекс Ц69,6(2Р)0я7
702 #1 - ИМЯ ЛИЦА - ВТОРИЧНАЯ ОТВЕТСТВЕННОСТЬ
Код отношения Составитель
Начальный элемент ввода Задонина
Часть имени, кроме начального элемента ввода Н. В.
Дополнения к именам, кроме дат канд. геол.-минерал. наук
Расширение инициалов личного имени Наталья Витальевна
Системный номер авторитетной/нормативной записи 222349
Идентификатор авторитетной/нормативной записи RU\NLR\AUTH\770222405
712 02 - НАИМЕНОВАНИЕ ОРГАНИЗАЦИИ - ВТОРИЧНАЯ ОТВЕТСТВЕННОСТЬ
Код отношения Прочие
Начальный элемент ввода Иркутский государственный технический университет
Идентификатор авторитетной/нормативной записи RU\NLR\AUTH\8810020577
Системный номер авторитетной/нормативной записи 539137
801 #0 - ИСТОЧНИК ЗАПИСИ
Страна Российская Федерация
Организация NLR
Дата составления 20051121
Правила каталогизации rcr
801 #1 - ИСТОЧНИК ЗАПИСИ
Страна Российская Федерация
Организация NLR
Дата составления 20051121
830 ## - ОБЩЕЕ ПРИМЕЧАНИЕ, СОСТАВЛЕННОЕ КАТАЛОГИЗАТОРОМ
Текст примечания сост. раскрыт по кн.
852 ## - МЕСТОНАХОЖДЕНИЕ И ШИФР ХРАНЕНИЯ
Идентификатор организации NLR
Шифр хранения (Call Number) 2005-3/32608
942 ## - ДОПОЛНИТЕЛЬНЫЕ ЭЛЕМЕНТЫ ЗАПИСИ (АБИС)
Тип экземпляра АБИС Книга

Нет доступных экземпляров.